| 000 | 00990nab a22002297a 4500 | ||
|---|---|---|---|
| 999 |
_c5930 _d5930 |
||
| 003 | OSt | ||
| 005 | 20260114010528.0 | ||
| 008 | 190605e xxu||||| |||| 00| 0 spa d | ||
| 040 | _cPJ | ||
| 100 |
_95135 _aGabet, Alejandro |
||
| 245 | 1 | 3 |
_a¿Cuál es el límite del control médico de un empleador? / _cAlejandro Gabet. |
| 260 |
_aCiudad Autónoma de Buenos Aires : _bThomson Reuters La Ley, _c2024. |
||
| 300 | _ap. 158-160 | ||
| 500 | _aCita: TR LALEY AR/DOC/3038/2023. | ||
| 505 | _aFallo comentado: CNTrab., sala X, 02/11/2023. - Caceres, Rosana Carina c. Banco Hipotecario S.A. s/ despido. | ||
| 505 | _t¿Te interesa el texto completo? Solicitalo al correo: koha@justierradelfuego.gov.ar | ||
| 650 | 0 |
_91316 _aDERECHO LABORAL |
|
| 650 | 0 |
_91430 _aRIESGOS DEL TRABAJO |
|
| 650 | 0 |
_94942 _aCOMISIONES MÉDICAS |
|
| 773 | 0 |
_02711 _93168 _dCiudad Autónoma de Buenos Aires : Thomson Reuters La Ley, 1999-2002. _tRevista de derecho del trabajo. Nº 1 - Enero 2024 |
|
| 942 |
_2udc _cANA |
||